<?xml version="1.0" encoding="UTF-8"?>
<record
    xmlns:xsi="http://www.w3.org/2001/XMLSchema-instance"
    xsi:schemaLocation="http://www.loc.gov/MARC21/slim http://www.loc.gov/standards/marcxml/schema/MARC21slim.xsd"
    xmlns="http://www.loc.gov/MARC21/slim">

  <leader>01789nam a2200325 a 4500</leader>
  <controlfield tag="001"> </controlfield>
  <controlfield tag="003">DO-SdBNP</controlfield>
  <controlfield tag="005">20211018115344.0</controlfield>
  <controlfield tag="008">100127s2007    dr  001 0 spa d</controlfield>
  <datafield tag="020" ind1=" " ind2=" ">
    <subfield code="a">9789945406504</subfield>
  </datafield>
  <datafield tag="040" ind1=" " ind2=" ">
    <subfield code="a">DO-SdBNP</subfield>
    <subfield code="b">spa</subfield>
    <subfield code="c">BPMSU</subfield>
  </datafield>
  <datafield tag="082" ind1=" " ind2=" ">
    <subfield code="a">336.7293</subfield>
    <subfield code="b">R426r, 2007</subfield>
    <subfield code="2">22</subfield>
  </datafield>
  <datafield tag="110" ind1="2" ind2=" ">
    <subfield code="a">Rep&#xFA;blica Dominicana</subfield>
    <subfield code="b"> Secretar&#xED;a de Estado de Hacienda </subfield>
  </datafield>
  <datafield tag="245" ind1="1" ind2="0">
    <subfield code="a">Reforma de la hacienda p&#xFA;blica /</subfield>
    <subfield code="c">edici&#xF3;n Virgilio Alc&#xE1;ntara.</subfield>
  </datafield>
  <datafield tag="250" ind1=" " ind2=" ">
    <subfield code="a"> </subfield>
  </datafield>
  <datafield tag="260" ind1=" " ind2=" ">
    <subfield code="a">Santo Domingo :</subfield>
    <subfield code="b">Secretar&#xED;a de Estado de Hacienda,</subfield>
    <subfield code="c">2007.</subfield>
  </datafield>
  <datafield tag="300" ind1=" " ind2=" ">
    <subfield code="a">287 p. ;</subfield>
    <subfield code="c">23 cm.</subfield>
  </datafield>
  <datafield tag="505" ind1="0" ind2=" ">
    <subfield code="a">Presentaci&#xF3;n -- Antecedentes de la reforma -- Ley 494-06 de organizaci&#xF3;n de la Secretar&#xED;a de Estado de Hacienda -- Ley 5-07 que crea el sistema integrado de administraci&#xF3;n financiera del Estado -- Ley 423-06 org&#xE1;nica de presupuesto del sector p&#xFA;blico -- Ley 567-05 de tesorer&#xED;a nacional -- Ley 6-06 de cr&#xE9;dito p&#xFA;blico -- Ley 340-06 de compras y contrataciones de bienes, obras, servicios y concesiones del Estado -- Ley 449-06 que modifica la Ley No. 340-06 sobre contrataciones de bienes, obras, servicios y concesiones -- Ley 126-01 mediante la cual de crea la direcci&#xF3;n general de contabilidad gubernamental -- Ley 10-07 de la contralor&#xED;a general de la Rep&#xFA;blica y del control interno.</subfield>
  </datafield>
  <datafield tag="590" ind1=" " ind2=" ">
    <subfield code="a">Inventariado, 2021/VM</subfield>
  </datafield>
  <datafield tag="650" ind1=" " ind2="4">
    <subfield code="a">Hacienda p&#xFA;blica</subfield>
    <subfield code="x">Legislaci&#xF3;n</subfield>
    <subfield code="z">Rep&#xFA;blica Dominicana</subfield>
  </datafield>
  <datafield tag="650" ind1=" " ind2="4">
    <subfield code="a">Pol&#xED;tica fiscal</subfield>
  </datafield>
  <datafield tag="650" ind1=" " ind2="4">
    <subfield code="a">Reforma tributaria</subfield>
    <subfield code="z">Rep&#xFA;blica Dominicana</subfield>
  </datafield>
  <datafield tag="650" ind1=" " ind2="4">
    <subfield code="a">Presupuesto</subfield>
    <subfield code="x">Legislaci&#xF3;n</subfield>
    <subfield code="z">Rep&#xFA;blica Dominicana</subfield>
  </datafield>
  <datafield tag="650" ind1=" " ind2="4">
    <subfield code="a">Deuda p&#xFA;blica</subfield>
    <subfield code="z">Rep&#xFA;blica Dominicana</subfield>
  </datafield>
  <datafield tag="650" ind1=" " ind2="4">
    <subfield code="a">Auditor&#xED;a interna</subfield>
  </datafield>
  <datafield tag="651" ind1=" " ind2="4">
    <subfield code="a">Pol&#xED;tica De Finanzas P&#xFA;blicas</subfield>
    <subfield code="z">Rep&#xFA;blica Dominicana</subfield>
  </datafield>
  <datafield tag="700" ind1="1" ind2=" ">
    <subfield code="a">Alc&#xE1;ntara, Virgilio,</subfield>
    <subfield code="e">ed.</subfield>
  </datafield>
  <datafield tag="910" ind1=" " ind2=" ">
    <subfield code="a">VMateo V. </subfield>
  </datafield>
  <datafield tag="942" ind1=" " ind2=" ">
    <subfield code="2">ddc</subfield>
    <subfield code="c">BK</subfield>
  </datafield>
  <datafield tag="952" ind1=" " ind2=" ">
    <subfield code="0">0</subfield>
    <subfield code="1">0</subfield>
    <subfield code="2">ddc</subfield>
    <subfield code="4">0</subfield>
    <subfield code="7">0</subfield>
    <subfield code="8">CD</subfield>
    <subfield code="a">BPMET</subfield>
    <subfield code="b">BPMET</subfield>
    <subfield code="d">2021-10-18</subfield>
    <subfield code="o">BPMSU CD 336.7293 R426r 2007</subfield>
    <subfield code="p">BPMSU21100103</subfield>
    <subfield code="r">2021-10-18</subfield>
    <subfield code="w">2021-10-18</subfield>
    <subfield code="y">BK</subfield>
  </datafield>
  <datafield tag="999" ind1=" " ind2=" ">
    <subfield code="c">13796</subfield>
    <subfield code="d">13796</subfield>
  </datafield>
</record>
